000
00319nam a22001457a 4500
008
230913b ||||| |||| 00| 0 eng d
020
_a
9780500050811
041
_a
eng
080
_a
521
082
_a
521MIT
100
_a
19
101
_a
ASTRO
245
_a
THE PREHISTORY OF THE MIND
_c
MITHEN.S
942
_2
udc
_c
BK
999
_c
60367
_d
60367